[Event "Bassano del Grappa Easter op-A 2nd"]
[Site "Bassano del Grappa"]
[Date "2022.04.18"]
[Round "8"]
[White "Danese, Aldo"]
[Black "Rexhepi, Halit"]
[Result "1/2-1/2"]
[WhiteElo "1635"]
[BlackElo "1940"]
[PlyCount "65"]
[EventDate "2022.04.14"]
[EventType "swiss"]
[EventRounds "9"]
[EventCountry "ITA"]
[SourceTitle "EXT 2024"]
[Source "ChessBase"]
[SourceDate "2023.10.10"]
[SourceVersion "1"]
[SourceVersionDate "2023.10.10"]
[SourceQuality "1"]

1. d4 Nf6 2. Bf4 d5 3. e3 e6 4. Nd2 c5 5. c3 h6 6. Bd3 Nc6 7. Ngf3 Bd6 8. Bg3 0-0 9. 0-0 b6 10. Re1 Qc7 11. Rc1 Re8 12. e4 Bxg3 13. fxg3 dxe4 14. Nxe4 Nxe4 15. Bxe4 Bb7 16. Bb1 Rad8 17. Qd3 g6 18. Qe3 Kg7 19. Rcd1 c4 20. Be4 b5 21. Bxc6 Qxc6 22. Re2 f6 23. Rde1 a5 24. Qf4 Rd5 25. g4 g5 26. Qg3 Bc8 27. h3 b4 28. Nd2 Ba6 29. Ne4 Bc8 30. Qf2 e5 31. Ng3 Kg6 32. Qf3 Bd7 33. Qe4+ 1/2-1/2

[Event "Cattolica op-B 8th"]
[Site "Cattolica"]
[Date "2021.06.01"]
[Round "6"]
[White "Danese, Aldo"]
[Black "Festa, Simone"]
[Result "0-1"]
[WhiteElo "1644"]
[BlackElo "1605"]
[PlyCount "78"]
[EventDate "2021.05.27"]
[EventType "swiss"]
[EventRounds "7"]
[EventCountry "ITA"]
[SourceTitle "CBM 203 Extra"]
[Source "ChessBase"]
[SourceDate "2021.09.30"]
[SourceVersion "1"]
[SourceVersionDate "2021.09.30"]
[SourceQuality "1"]

1. d4 g6 2. g3 Bg7 3. Bg2 c6 4. Nf3 d5 5. 0-0 Bg4 6. c3 Bxf3 7. exf3 Nf6 8. Be3 Nbd7 9. Nd2 0-0 10. f4 e6 11. Rb1 Rc8 12. b4 a5 13. a3 axb4 14. axb4 Ra8 15. f3 Qc7 16. Qc2 Ra3 17. Ra1 Rfa8 18. Rxa3 Rxa3 19. Qb2 Ra4 20. Ra1 b5 21. Rxa4 bxa4 22. Qa3 Nb6 23. Bf1 h5 24. Kf2 Ne8 25. Bd3 Nd6 26. h3 Nb5 27. Qa1 Qa7 28. g4 h4 29. f5 Qc7 30. f4 g5 31. Kf3 a3 32. Bxb5 cxb5 33. Qxa3 Na4 34. Nb1 Qc4 35. Qc1 Qd3 36. Kf2 exf5 37. fxg5 fxg4 38. hxg4 Qe4 39. Qh1 Qxh1 0-1

[Event "Cattolica op-B 8th"]
[Site "Cattolica"]
[Date "2021.05.29"]
[Round "3"]
[White "Danese, Aldo"]
[Black "Nemetz, Markus"]
[Result "0-1"]
[WhiteElo "1644"]
[BlackElo "1867"]
[PlyCount "128"]
[EventDate "2021.05.27"]
[EventType "swiss"]
[EventRounds "7"]
[EventCountry "ITA"]
[SourceTitle "CBM 203 Extra"]
[Source "ChessBase"]
[SourceDate "2021.09.30"]
[SourceVersion "1"]
[SourceVersionDate "2021.09.30"]
[SourceQuality "1"]

1. Nf3 Nf6 2. b3 e6 3. Bb2 d5 4. e3 Bd6 5. d4 0-0 6. Nbd2 b6 7. c4 Bb7 8. Rc1 c5 9. Be2 Nbd7 10. 0-0 Rc8 11. Ne5 Qe7 12. f4 Ne8 13. Bf3 f6 14. Nxd7 Qxd7 15. Qe2 Nc7 16. Rfd1 Qe7 17. Bg4 g5 18. Bf3 f5 19. g3 g4 20. Bg2 Ne8 21. Nb1 Nf6 22. Nc3 Rfe8 23. Qf2 cxd4 24. exd4 dxc4 25. bxc4 Rxc4 26. Nb5 Rxc1 27. Rxc1 Bxg2 28. Nxd6 Qxd6 29. Qxg2 Nd5 30. Qe2 Qd7 31. Qc4 Kf7 32. Kf2 h5 33. a4 Qb7 34. Qc6 Qxc6 35. Rxc6 Nb4 36. Rc7+ Re7 37. Rc3 Nd5 38. Rc4 Rc7 39. Rxc7+ Nxc7 40. Ke3 Ke8 41. Kd3 Kd7 42. Kc4 Kc6 43. Bc1 Nd5 44. Bd2 a6 45. Kb3 b5 46. Bc1 Nb6 47. axb5+ Kxb5 48. Bd2 Nc4 49. Bc1 a5 50. Kc3 a4 51. Kd3 a3 52. d5 exd5 53. Bxa3 Nxa3 54. Kd4 Kc6 55. Ke5 Nc4+ 56. Kxf5 Kd6 57. Kg5 d4 58. Kxh5 d3 59. Kxg4 d2 60. h4 d1Q+ 61. Kg5 Qd5+ 62. Kg4 Kd7 63. h5 Ke7 64. Kh4 Qf5 0-1

[Event "Chioggia op-B 13th"]
[Site "Chioggia"]
[Date "2018.09.30"]
[Round "4"]
[White "Danese, Aldo"]
[Black "Scarabottolo, Sebastiano"]
[Result "1-0"]
[WhiteElo "1707"]
[BlackElo "1086"]
[PlyCount "51"]
[EventDate "2018.09.28"]
[EventType "swiss"]
[EventRounds "5"]
[EventCountry "ITA"]
[SourceTitle "EXT 2022"]
[Source "ChessBase"]
[SourceDate "2021.10.06"]
[SourceVersion "1"]
[SourceVersionDate "2021.10.06"]
[SourceQuality "1"]

1. b3 e5 2. Bb2 Nc6 3. e3 a6 4. Ne2 d5 5. d4 e4 6. Ng3 Bd6 7. Nd2 Be6 8. a3 Qe7 9. c4 b6 10. Qc2 Nf6 11. b4 Qd7 12. Rc1 Be7 13. cxd5 Bxd5 14. b5 Na5 15. Qxc7 Qxc7 16. Rxc7 Bd6 17. Rc3 0-0 18. Nf5 Bb8 19. bxa6 g6 20. Ne7+ Kg7 21. Nxd5 Nxd5 22. Rc1 Nc7 23. Nxe4 Kg8 24. Nf6+ Kg7 25. Nd7 Rc8 26. Nxb6 1-0

[Event "Cesenatico op 15th"]
[Site "Cesenatico"]
[Date "2011.09.06"]
[Round "5"]
[White "Danese, Aldo"]
[Black "Naumkin, Igor"]
[Result "0-1"]
[WhiteElo "1871"]
[BlackElo "2473"]
[PlyCount "82"]
[EventDate "2011.09.03"]
[EventType "swiss"]
[EventRounds "9"]
[EventCountry "ITA"]
[SourceTitle "CBM 144 Extra"]
[Source "ChessBase"]
[SourceDate "2011.10.28"]
[SourceVersion "1"]
[SourceVersionDate "2011.10.28"]
[SourceQuality "1"]

1. Nf3 Nf6 2. d3 d5 3. Bg5 c5 4. c3 Nc6 5. g3 e5 6. Nbd2 Be7 7. Bxf6 Bxf6 8. Bg2 0-0 9. 0-0 Re8 10. Qc2 Be6 11. a3 Rc8 12. Rac1 Qd7 13. Rfe1 h6 14. c4 d4 15. Nf1 Bf5 16. N3d2 Be7 17. Rcd1 Bf8 18. Qb1 a5 19. f3 Bg6 20. g4 h5 21. h3 Be7 22. Nh2 Bh4 23. Rf1 Nd8 24. Ne4 Ne6 25. Qc2 Nf4 26. Qd2 f5 27. Nf2 Rc6 28. Rb1 a4 29. Rfd1 Qc7 30. Nf1 e4 31. dxe4 fxe4 32. e3 Nxg2 33. Nxe4 Nxe3 34. Nxe3 dxe3 35. Qxe3 hxg4 36. hxg4 Bxe4 37. fxe4 Rce6 38. Qd3 Qf4 39. Rd2 Qxe4 40. Rbd1 Qxg4+ 41. Rg2 Re1+ 0-1

[Event "Veneto Region-ch"]
[Site "Arqua Petrarca"]
[Date "2006.05.14"]
[Round "5"]
[White "Danese, Aldo"]
[Black "Gennari, Leone"]
[Result "1/2-1/2"]
[WhiteElo "1946"]
[BlackElo "2035"]
[PlyCount "47"]
[EventDate "2006.05.06"]
[EventType "swiss"]
[EventRounds "6"]
[EventCountry "ITA"]
[SourceTitle "EXT 2011"]
[Source "ChessBase"]
[SourceDate "2010.11.26"]
[SourceVersion "1"]
[SourceVersionDate "2010.11.26"]
[SourceQuality "1"]

1. Nf3 g6 2. e4 Bg7 3. d4 c6 4. c4 d5 5. e5 Bg4 6. Be3 e6 7. h3 Bxf3 8. Qxf3 Ne7 9. Bd3 0-0 10. 0-0 Nd7 11. Qe2 c5 12. f4 cxd4 13. Bxd4 Nc6 14. Be3 Nb4 15. cxd5 Nxd5 16. Nc3 Nxe3 17. Qxe3 Qb6 18. Qxb6 Nxb6 19. Ne4 Rad8 20. Nd6 f6 21. Be4 fxe5 22. Nxb7 Rd2 23. Nc5 exf4 24. Rad1 1/2-1/2

[Event "Padova Weekend op-B 8th"]
[Site "Padova"]
[Date "2005.12.18"]
[Round "5.23"]
[White "Adami, Igor"]
[Black "Danese, Aldo"]
[Result "0-1"]
[WhiteElo "1616"]
[BlackElo "1829"]
[PlyCount "146"]
[EventDate "2005.12.10"]
[EventType "swiss"]
[EventRounds "6"]
[EventCountry "ITA"]
[SourceTitle "EXT 2024"]
[Source "ChessBase"]
[SourceDate "2023.10.10"]
[SourceVersion "1"]
[SourceVersionDate "2023.10.10"]
[SourceQuality "1"]

1. d4 b6 2. e4 e6 3. Nf3 Bb7 4. Bd3 Ne7 5. 0-0 c5 6. c3 Ng6 7. e5 d5 8. Bg5 Be7 9. Bxe7 Qxe7 10. Qd2 Nd7 11. Qg5 Rc8 12. Bxg6 hxg6 13. Qxe7+ Kxe7 14. Re1 Rh5 15. g4 Rh6 16. Nbd2 Ba6 17. Rac1 Rb8 18. Kg2 c4 19. Rh1 b5 20. a3 Nb6 21. Ne1 Bc8 22. Nc2 a5 23. Kg3 Na4 24. Rb1 Bd7 25. Nf3 Bc6 26. Ng1 Nb6 27. Ne2 Na8 28. h4 Nc7 29. h5 Rbh8 30. Nf4 Be8 31. Kg2 g5 32. Ne2 f6 33. f4 Na6 34. fxg5 fxg5 35. Rbf1 g6 36. Ng3 gxh5 37. gxh5 Bf7 38. Kf3 Bxh5+ 39. Nxh5 Rxh5 40. Rxh5 Rxh5 41. Rf2 Rh1 42. Kg4 Rb1 43. Ne3 b4 44. axb4 axb4 45. Kxg5 bxc3 46. bxc3 Rb3 47. Nd1 Nc7 48. Kg6 Nb5 49. Rf7+ Ke8 50. Rb7 Nxd4 51. Rxb3 Nxb3 52. Kf6 Kd7 53. Nf2 Nc5 54. Kf7 Ne4 55. Nh3 Nxc3 56. Nf4 Nb5 57. Nxe6 c3 58. Nf4 Nc7 59. Nd3 c2 60. Kf6 Ne6 61. Kf5 Nd4+ 62. Kf4 Ne2+ 63. Ke3 c1Q+ 64. Nxc1 Nxc1 65. Kd4 Ke6 66. Kc3 Kxe5 67. Kc2 Ne2 68. Kd3 Nf4+ 69. Ke3 d4+ 70. Kd2 Ke4 71. Kd1 Ke3 72. Ke1 d3 73. Kd1 Ng2 0-1

[Event "Treviso WE op 28th"]
[Site "Treviso"]
[Date "2004.12.08"]
[Round "4.3"]
[White "Danese, Aldo"]
[Black "Xia, Jie"]
[Result "1/2-1/2"]
[WhiteElo "1757"]
[BlackElo "2097"]
[PlyCount "55"]
[EventDate "2004.12.04"]
[EventType "swiss"]
[EventCountry "ITA"]
[SourceTitle "EXT 2024"]
[Source "ChessBase"]
[SourceDate "2023.10.10"]
[SourceVersion "1"]
[SourceVersionDate "2023.10.10"]
[SourceQuality "1"]

1. f4 Nf6 2. Nf3 g6 3. d3 d5 4. g3 c5 5. Bg2 Nc6 6. c3 h5 7. Be3 d4 8. Bf2 Ng4 9. 0-0 Bg7 10. Qc2 0-0 11. Nbd2 e5 12. cxd4 exf4 13. dxc5 Nxf2 14. Rxf2 fxg3 15. hxg3 Nd4 16. Qd1 Nf5 17. Ne4 h4 18. gxh4 Nxh4 19. Qd2 Bg4 20. Qg5 Bxf3 21. Bxf3 Bd4 22. Kf1 Bxf2 23. Nf6+ Kg7 24. Nh5+ Kh7 25. Nf6+ Kg7 26. Nh5+ Kg8 27. Nf6+ Kg7 28. Nh5+ 1/2-1/2

[Event "Treviso WE op 28th"]
[Site "Treviso"]
[Date "2004.12.05"]
[Round "2.7"]
[White "Danese, Aldo"]
[Black "Cecchetto, Vanni"]
[Result "1-0"]
[WhiteElo "1757"]
[BlackElo "1989"]
[PlyCount "63"]
[EventDate "2004.12.04"]
[EventType "swiss"]
[EventCountry "ITA"]
[SourceTitle "EXT 2024"]
[Source "ChessBase"]
[SourceDate "2023.10.10"]
[SourceVersion "1"]
[SourceVersionDate "2023.10.10"]
[SourceQuality "1"]

1. f4 d5 2. Nf3 Nf6 3. e3 g6 4. Be2 Bg7 5. 0-0 0-0 6. c3 c5 7. Na3 Nc6 8. Nc2 Bg4 9. d4 Ne4 10. Nce1 Rc8 11. Nd3 cxd4 12. exd4 f6 13. Nf2 Nxf2 14. Rxf2 Qb6 15. h3 Be6 16. Bd3 Bf7 17. Be3 e5 18. fxe5 fxe5 19. Bf1 Rce8 20. Qd2 exd4 21. cxd4 Re7 22. Re1 Rfe8 23. Bf4 Re4 24. Ng5 Rxd4 25. Qc1 Rd1 26. Qxd1 Bd4 27. Nxf7 Bxf2+ 28. Kh2 Kxf7 29. Qxd5+ Kg7 30. Bc4 Rd8 31. Qf7+ Kh8 32. Qf6# 1-0

[Event "Treviso Lega op"]
[Site "Treviso"]
[Date "1996.??.??"]
[Round "4"]
[White "Danese, Aldo"]
[Black "Bettio, Umberto"]
[Result "0-1"]
[WhiteElo "1605"]
[BlackElo "1805"]
[PlyCount "84"]
[EventDate "1996.??.??"]
[EventType "swiss"]
[EventRounds "6"]
[EventCountry "ITA"]
[SourceTitle "EXT 1999"]
[Source "ChessBase"]
[SourceDate "1998.11.16"]
[SourceVersion "1"]
[SourceVersionDate "1998.11.16"]
[SourceQuality "1"]

1. Nc3 e5 2. e4 Nf6 3. Be2 Bb4 4. d3 d5 5. exd5 Nxd5 6. Bd2 Nxc3 7. bxc3 Bd6 8. Nf3 Nc6 9. Bg5 Qd7 10. Nd2 0-0 11. Ne4 Be7 12. Be3 f5 13. Nc5 Qd6 14. Nb3 b6 15. Bf3 Be6 16. 0-0 Rad8 17. Qc1 f4 18. Bd2 a5 19. a4 Bxb3 20. cxb3 Qxd3 21. Bxf4 Rxf4 22. Bxc6 Bc5 23. Qe1 Rdf8 24. Ra2 e4 25. Kh1 e3 26. f3 R4f6 27. Bb5 Qd6 28. Bc4+ Kh8 29. Qe2 Rh6 30. g4 Qf4 31. Bd5 Bd6 32. Rd1 Qg5 33. Qe1 Qe5 34. h4 Qe7 35. h5 g6 36. Rd3 gxh5 37. g5 Qxg5 38. Rg2 Qf5 39. Be4 Qh3+ 40. Kg1 Rhf6 41. Qe2 Rf4 42. Kf1 Rxe4 0-1